|
|
|
|
| LEADER |
01400nam a2200361 a 4500 |
| 001 |
000664249 |
| 003 |
CZ BrMZK |
| 005 |
20090302140520.0 |
| 007 |
ta |
| 008 |
030401s2002 xr ab c p 000 0 cze d |
| 015 |
|
|
|a cnb001188076
|
| 020 |
|
|
|a 80-86034-49-6
|q (brož.)
|
| 035 |
|
|
|a (OCoLC)85125709
|
| 040 |
|
|
|a BOA001
|b cze
|
| 072 |
|
7 |
|a 911
|x Obecná geografie. Systematická geografie
|2 Konspekt
|9 7
|
| 072 |
|
7 |
|a 37.016
|x Učební osnovy. Vyučovací předměty. Učebnice
|2 Konspekt
|9 22
|
| 080 |
|
|
|a 91
|2 MRF
|
| 080 |
|
|
|a 911.2
|2 MRF
|
| 080 |
|
|
|a (075.2)
|2 MRF
|
| 080 |
|
|
|a (075.3)
|2 MRF
|
| 100 |
1 |
|
|a Červinka, Pavel,
|d 1959-
|7 jn20000403040
|4 aut
|
| 245 |
1 |
0 |
|a Přírodní prostředí Země :
|b učebnice zeměpisu pro základní školy a víceletá gymnázia /
|c Pavel Červinka, Václav Tampír
|
| 250 |
|
|
|a 2. upr. vyd.
|
| 260 |
|
|
|a Praha :
|b Nakladatelství České geografické společnosti,
|c 2002
|
| 300 |
|
|
|a 87 s. :
|b il. (převážně barev.), mapy ;
|c 30 cm
|
| 650 |
0 |
7 |
|a zeměpis
|7 ph116771
|2 czenas
|
| 650 |
0 |
7 |
|a fyzická geografie
|7 ph120423
|2 czenas
|
| 655 |
|
7 |
|a učebnice základních škol
|7 fd133773
|2 czenas
|
| 655 |
|
7 |
|a učebnice středních škol
|7 fd133771
|2 czenas
|
| 700 |
1 |
|
|a Tampír, Václav
|7 mzk2003175478
|4 aut
|
| 910 |
|
|
|a BOA001
|b 3-1116.191
|
| 990 |
|
|
|a BK
|
| 996 |
6 |
|
|b 2610185230
|c 3-1116.191
|l MZK
|r Sklad / do 1 hodiny
|n 1
|p p.v.
|w 000664249
|u 000010
|a 1
|e BOA001
|j MZK50
|s P
|